Clustering of trichothecene-producing Fusarium strains determined from 28S ribosomal DNA sequences /
Bewaard in:
| Andere auteurs: | , , , |
|---|---|
| Formaat: | Artikel |
| Taal: | English |
| Onderwerpen: | |
| Tags: |
Voeg label toe
Geen labels, Wees de eerste die dit record labelt!
|
| Thư viện lưu trữ: | Thư viện Trường Đại học Đà Lạt |
|---|
| LEADER | 01042nam a2200361 4500 | ||
|---|---|---|---|
| 001 | DLU090096540 | ||
| 005 | ##20091201 | ||
| 040 | # | # | |a DLU |b eng |
| 041 | # | # | |a eng |
| 044 | # | # | |a us |
| 245 | # | # | |a Clustering of trichothecene-producing Fusarium strains determined from 28S ribosomal DNA sequences / |c G. Mule ... [et al.]. |
| 653 | # | # | |a Biological evolution |
| 653 | # | # | |a Fungi |
| 653 | # | # | |a Fusarium |
| 653 | # | # | |a Mycotoxin |
| 653 | # | # | |a Nucleotide sequence |
| 653 | # | # | |a Phylogeny |
| 653 | # | # | |a Ribosomal DNA |
| 653 | # | # | |a Toxin |
| 700 | # | # | |a Bottalico, A. |
| 700 | # | # | |a Logrieco, A. |
| 700 | # | # | |a Mule, G. |
| 700 | # | # | |a Stea, G. |
| 773 | # | # | |t Applied and Environmental Microbiology |g Vol. 63, no. 5 (May 1997), p. 1843-1846 |
| 920 | # | # | |a Phòng Tạp chí -- Trung tâm Thông tin - Thư viện Trường Đại học Đà Lạt |
| 994 | # | # | |a DLU |
| 900 | # | # | |a True |
| 911 | # | # | |a Trương Bảo Trâm Anh |
| 925 | # | # | |a G |
| 926 | # | # | |a A |
| 927 | # | # | |a BB |
| 980 | # | # | |a Thư viện Trường Đại học Đà Lạt |